00269 a2200121 450000500170000000800410001702000180005804100080007610000180008424500180010226000190012030000080013920240925145119.0240306b |||||||| |||| 00| 0 eng d a9780718188863 aeng aMcRaven W.H. aMake Your Bed bPenguin c2017 a130